[Event "Tradewise Gibraltar Masters 16th"]
[Site "Gibraltar"]
[Date "2018.01.30"]
[Round "8.50"]
[White "Khotenashvili, Bela"]
[Black "Hemant, Sharma (Del)"]
[Result "1/2-1/2"]
[WhiteElo "2486"]
[BlackElo "2348"]
[PlyCount "87"]
[EventDate "2018.01.23"]
[EventType "swiss"]
[EventRounds "10"]
[EventCountry "GGB"]
[SourceTitle "BritBase"]
[Source "www.saund.co.uk"]
[SourceDate "2018.02.10"]
[SourceVersion "1"]
[SourceVersionDate "2018.02.10"]
[SourceQuality "1"]

1. d4 d5 2. c4 e6 3. Nf3 Nf6 4. g3 Bb4+ 5. Nc3 O-O 6. Bg2 c6 7. O-O b6 8. Ne5
Bb7 9. Qb3 Be7 10. Rd1 Nbd7 11. e4 dxe4 12. Nxd7 Qxd7 13. Nxe4 Rad8 14. Be3
Nxe4 15. Bxe4 Qc7 16. c5 bxc5 17. dxc5 e5 18. Rxd8 Rxd8 19. Qa4 a6 20. Rd1 Rd7
21. b4 g6 22. Bf3 Kg7 23. Rxd7 Qxd7 24. Qc2 f5 25. a4 Bf6 26. Be2 Bc8 27. Qc1
Qd8 28. Bh6+ Kh8 29. Qc4 Bg7 30. Bxg7+ Kxg7 31. Qc3 Qf6 32. Bf1 h6 33. Qa3 e4
34. b5 axb5 35. axb5 cxb5 36. Bxb5 Qd4 37. Qa7+ Kf6 38. Qa3 Qe5 39. c6 Qxb5 40.
Qf8+ Ke5 41. Qxc8 Qd3 42. Qd7 Kf6 43. Qe8 Qd1+ 44. Kg2 1/2-1/2

[Event "Tradewise Gibraltar Masters 16th"]
[Site "Gibraltar"]
[Date "2018.01.30"]
[Round "8.51"]
[White "Xu, Yi"]
[Black "Sadhwani, Raunak"]
[Result "1-0"]
[WhiteElo "2482"]
[BlackElo "2321"]
[PlyCount "95"]
[EventDate "2018.01.23"]
[EventType "swiss"]
[EventRounds "10"]
[EventCountry "GGB"]
[SourceTitle "BritBase"]
[Source "www.saund.co.uk"]
[SourceDate "2018.02.10"]
[SourceVersion "1"]
[SourceVersionDate "2018.02.10"]
[SourceQuality "1"]

1. e4 c6 2. d4 d5 3. e5 Bf5 4. Nf3 e6 5. Be2 Ne7 6. c3 Nd7 7. O-O Ng6 8. Ne1 h5
9. Nc2 Nh4 10. Ne3 Bg6 11. g3 Nf5 12. Nxf5 Bxf5 13. Bxh5 g6 14. Bg4 Qb6 15. Nd2
O-O-O 16. Bxf5 gxf5 17. Nf3 Be7 18. a4 a6 19. b4 Rdg8 20. Be3 Qc7 21. b5 cxb5
22. axb5 axb5 23. Ra8+ Nb8 24. Qb3 Qc4 25. Rb1 Qxb3 26. Rxb3 b4 27. cxb4 Kc7
28. b5 Nd7 29. Rxg8 Rxg8 30. h4 Nb6 31. Bg5 Bf8 32. Kg2 Nc4 33. Bf6 Bh6 34. Ng5
Bxg5 35. Bxg5 Kd7 36. Rd3 Kc7 37. Bf6 Rg6 38. Kh3 Kb6 39. Rb3 Ka5 40. h5 Rh6
41. Kh4 Ka4 42. Rd3 Kxb5 43. Bg7 Rh7 44. h6 Kc6 45. Kg5 Kd7 46. Rb3 b6 47. Kf6
Ke8 48. f3 1-0

[Event "Tradewise Gibraltar Masters 16th"]
[Site "Gibraltar"]
[Date "2018.01.30"]
[Round "8.52"]
[White "Lazarne Vajda, Szidonia"]
[Black "Zanan, Evgeny"]
[Result "0-1"]
[WhiteElo "2362"]
[BlackElo "2482"]
[PlyCount "158"]
[EventDate "2018.01.23"]
[EventType "swiss"]
[EventRounds "10"]
[EventCountry "GGB"]
[SourceTitle "BritBase"]
[Source "www.saund.co.uk"]
[SourceDate "2018.02.10"]
[SourceVersion "1"]
[SourceVersionDate "2018.02.10"]
[SourceQuality "1"]

1. d4 Nf6 2. Nf3 d5 3. e3 e6 4. Bd3 b6 5. O-O Bb7 6. Ne5 Bd6 7. b3 O-O 8. Bb2
c5 9. Nd2 Nc6 10. a3 a5 11. f4 cxd4 12. exd4 Ne7 13. Qe2 g6 14. Rf2 Ne8 15. Qg4
Ng7 16. Qh3 f6 17. Ng4 Nef5 18. Ne3 Qd7 19. Re1 a4 20. b4 Ba6 21. Nxf5 Nxf5 22.
c4 dxc4 23. Bxc4 Bxc4 24. Nxc4 Qc7 25. Nxd6 Qxd6 26. Qd3 Rac8 27. Rfe2 Ng7 28.
Qb5 Qc6 29. Qxc6 Rxc6 30. Rc1 Rxc1+ 31. Bxc1 Rc8 32. Bb2 Kf7 33. Kf2 Nf5 34.
Kf3 Ne7 35. g3 Nd5 36. Rd2 b5 37. Ke4 Ke7 38. Kd3 Kd6 39. Rf2 Nb6 40. Rf1 Kd5
41. Re1 Nc4 42. Bc1 Nd6 43. Bb2 h6 44. g4 Rf8 45. Bc1 Nc4 46. h4 h5 47. Rg1
hxg4 48. Rxg4 f5 49. Rg1 Rh8 50. Rh1 Nd6 51. Rh2 Ne4 52. Bb2 Rh7 53. Bc1 Kd6
54. Bb2 Kd5 55. Bc1 Rc7 56. Bb2 Nf6 57. Re2 Ng4 58. Bc3 Rc8 59. Bd2 Kd6 60. Rg2
Kc6 61. Re2 Kd5 62. Bc3 Rc4 63. Bb2 Kd6 64. Rg2 Rc8 65. Bc3 Ne3 66. Re2 Nc4 67.
Ra2 Kd5 68. Be1 Nd6 69. Rg2 Rc1 70. Bd2 Ra1 71. Rxg6 Rxa3+ 72. Ke2 Nc4 73. Be1
Ra2+ 74. Kf1 Ne3+ 75. Kg1 Re2 76. Bf2 a3 77. Rg8 a2 78. Ra8 Ng4 79. Bg3 Rc2 0-1

[Event "Tradewise Gibraltar Masters 16th"]
[Site "Gibraltar"]
[Date "2018.01.30"]
[Round "8.53"]
[White "Bjerre, Jonas Buhl"]
[Black "Saduakassova, Dinara"]
[Result "1/2-1/2"]
[WhiteElo "2367"]
[BlackElo "2470"]
[PlyCount "104"]
[EventDate "2018.01.23"]
[EventType "swiss"]
[EventRounds "10"]
[EventCountry "GGB"]
[SourceTitle "BritBase"]
[Source "www.saund.co.uk"]
[SourceDate "2018.02.10"]
[SourceVersion "1"]
[SourceVersionDate "2018.02.10"]
[SourceQuality "1"]

1. e4 e5 2. Nf3 Nc6 3. Bc4 Bc5 4. c3 Nf6 5. d3 O-O 6. Bg5 h6 7. Bh4 Be7 8. Nbd2
d6 9. a4 Nh5 10. Bg3 Qe8 11. Nh4 Nf4 12. Bxf4 Bxh4 13. Be3 Be6 14. Qh5 Bxc4 15.
dxc4 Be7 16. g4 Nd8 17. h4 Ne6 18. g5 f5 19. Qxe8 Raxe8 20. exf5 Rxf5 21. gxh6
gxh6 22. Bxh6 Kf7 23. Ne4 Rh5 24. Be3 Reh8 25. Ng3 Rxh4 26. Ke2 a5 27. b3 Bg5
28. Rxh4 Rxh4 29. Nf5 Rh2 30. b4 b6 31. Rg1 Bf4 32. Bxf4 exf4 33. bxa5 bxa5 34.
Nd4 Rh3 35. Nxe6 Kxe6 36. f3 Rh2+ 37. Kd3 Ra2 38. Rg4 Kf5 39. Rg8 Rxa4 40. Rf8+
Ke5 41. Re8+ Kf6 42. Rf8+ Ke7 43. Rxf4 Ra1 44. Kc2 Re1 45. c5 dxc5 46. Ra4 Rf1
47. Rxa5 Kd6 48. Ra6+ c6 49. Ra8 Rxf3 50. Kb3 Rf4 51. Rd8+ Kc7 52. Rh8 Kb6
1/2-1/2

[Event "Tradewise Gibraltar Masters 16th"]
[Site "Gibraltar"]
[Date "2018.01.30"]
[Round "8.54"]
[White "Larino Nieto, David"]
[Black "Mohota, Nisha"]
[Result "1-0"]
[WhiteElo "2464"]
[BlackElo "2269"]
[PlyCount "89"]
[EventDate "2018.01.23"]
[EventType "swiss"]
[EventRounds "10"]
[EventCountry "GGB"]
[SourceTitle "BritBase"]
[Source "www.saund.co.uk"]
[SourceDate "2018.02.10"]
[SourceVersion "1"]
[SourceVersionDate "2018.02.10"]
[SourceQuality "1"]

1. d3 e5 2. Nf3 Nc6 3. e4 Nf6 4. Bg5 h6 5. Bh4 Be7 6. Nc3 d6 7. Bxf6 Bxf6 8.
Nd5 Be6 9. c3 Bxd5 10. exd5 Ne7 11. Qb3 c6 12. Qxb7 cxd5 13. Qb5+ Kf8 14. Qa6
Rb8 15. Rb1 e4 16. Nd2 Bg5 17. dxe4 Bxd2+ 18. Kxd2 dxe4 19. Qxa7 d5 20. a4 Nf5
21. Kc2 h5 22. Rd1 Rh6 23. Qc5+ Ne7 24. Bb5 Rd6 25. Rhe1 Rc8 26. Qb4 Re6 27. f3
f5 28. fxe4 fxe4 29. Kb1 Re5 30. c4 d4 31. Qd2 Nf5 32. Qf4 Rcc5 33. Rxe4 Rxe4
34. Qxe4 g6 35. g3 Rc7 36. h3 Re7 37. Qf4 Kg8 38. g4 hxg4 39. hxg4 Ne3 40. Qxd4
Qa8 41. Qd8+ Qxd8 42. Rxd8+ Kf7 43. g5 Re5 44. a5 Ke7 45. Re8+ 1-0

[Event "Tradewise Gibraltar Masters 16th"]
[Site "Gibraltar"]
[Date "2018.01.30"]
[Round "8.55"]
[White "Paehtz, Elisabeth"]
[Black "Yoo, Christopher Woojin"]
[Result "1-0"]
[WhiteElo "2464"]
[BlackElo "2254"]
[PlyCount "87"]
[EventDate "2018.01.23"]
[EventType "swiss"]
[EventRounds "10"]
[EventCountry "GGB"]
[SourceTitle "BritBase"]
[Source "www.saund.co.uk"]
[SourceDate "2018.02.10"]
[SourceVersion "1"]
[SourceVersionDate "2018.02.10"]
[SourceQuality "1"]

1. d4 Nf6 2. c4 g6 3. Nc3 d5 4. Nf3 Bg7 5. cxd5 Nxd5 6. Bg5 Nxc3 7. bxc3 c5 8.
Qd2 Qd5 9. Rc1 h6 10. Bf4 Nc6 11. e3 Bf5 12. c4 Qe4 13. d5 Nb4 14. Nh4 Nd3+ 15.
Bxd3 Qxd3 16. Nxf5 Qxf5 17. O-O g5 18. Bg3 h5 19. f3 h4 20. Bf2 b6 21. e4 Qg6
22. Be3 Rg8 23. Rce1 h3 24. g3 Be5 25. Kh1 Kd7 26. Qc2 Kc7 27. f4 gxf4 28. Bxf4
f6 29. Qb2 Qh5 30. Qb5 Qe8 31. Bxe5+ fxe5 32. Qb2 Rg5 33. Rf5 Rxf5 34. exf5 Qh5
35. Qxe5+ Kb7 36. Qe4 Re8 37. Kg1 Qg5 38. d6+ Ka6 39. Re3 Ka5 40. Ra3+ Kb4 41.
Rb3+ Ka5 42. Ra3+ Kb4 43. Qb1+ Kxc4 44. Qd3+ 1-0

[Event "Tradewise Gibraltar Masters 16th"]
[Site "Gibraltar"]
[Date "2018.01.30"]
[Round "8.56"]
[White "Perez Garcia, Alejandro"]
[Black "Lou, Yiping"]
[Result "0-1"]
[WhiteElo "2357"]
[BlackElo "2462"]
[PlyCount "110"]
[EventDate "2018.01.23"]
[EventType "swiss"]
[EventRounds "10"]
[EventCountry "GGB"]
[SourceTitle "BritBase"]
[Source "www.saund.co.uk"]
[SourceDate "2018.02.10"]
[SourceVersion "1"]
[SourceVersionDate "2018.02.10"]
[SourceQuality "1"]

1. d4 Nf6 2. c4 g6 3. g3 c6 4. Bg2 d5 5. Qa4 Bg7 6. cxd5 Nxd5 7. Nf3 Nb6 8. Qc2
Bf5 9. e4 Bg4 10. Nbd2 Bxd4 11. Nxd4 Qxd4 12. h3 Be6 13. Nf3 Qa4 14. Qb1 f6 15.
b3 Qb5 16. Be3 c5 17. Bf1 Qc6 18. a4 O-O 19. Bb5 Qc8 20. a5 N6d7 21. h4 Nc6 22.
h5 g5 23. Qb2 c4 24. bxc4 Nde5 25. Nxe5 Nxe5 26. c5 Rd8 27. f4 Nd3+ 28. Bxd3
Rxd3 29. Kf2 Qc6 30. Qb4 Rb3 31. Qd4 Qb5 32. Rhd1 Rb4 33. Qd3 Qc6 34. Rab1 Rxe4
35. Qb5 Bd5 36. Qxc6 Bxc6 37. Rd4 Rxd4 38. Bxd4 Rd8 39. Ke3 g4 40. f5 a6 41.
Rb4 Kf7 42. Kf4 Bf3 43. h6 Rg8 44. Rb2 Rg5 45. Rh2 Ke8 46. Rd2 Rh5 47. c6 bxc6
48. Bb6 Rxh6 49. Rd3 Rh1 50. Re3 Rc1 51. Rd3 h5 52. Rd8+ Kf7 53. Rh8 Re1 54.
Be3 Bd5 55. Rxh5 Rf1+ 0-1

[Event "Tradewise Gibraltar Masters 16th"]
[Site "Gibraltar"]
[Date "2018.01.30"]
[Round "8.57"]
[White "Bellon Lopez, Juan Manuel"]
[Black "Prasanna, Raghuram Rao"]
[Result "0-1"]
[WhiteElo "2334"]
[BlackElo "2458"]
[PlyCount "64"]
[EventDate "2018.01.23"]
[EventType "swiss"]
[EventRounds "10"]
[EventCountry "GGB"]
[SourceTitle "BritBase"]
[Source "www.saund.co.uk"]
[SourceDate "2018.02.10"]
[SourceVersion "1"]
[SourceVersionDate "2018.02.10"]
[SourceQuality "1"]

1. d4 e6 2. Bf4 Nf6 3. e3 c5 4. c3 Be7 5. Nd2 O-O 6. dxc5 Bxc5 7. Nb3 Be7 8.
Bd6 b6 9. Be2 Bxd6 10. Qxd6 Ne4 11. Qf4 Bb7 12. h4 d6 13. f3 e5 14. Qh2 Nf6 15.
O-O-O a5 16. a3 b5 17. Bxb5 Qb6 18. a4 Ba6 19. Nd2 Bxb5 20. axb5 Rc8 21. e4 a4
22. Ne2 a3 23. b3 Qe3 24. c4 Qd3 25. Qh3 Nbd7 26. f4 Qxe2 27. Rhe1 Qf2 28. Qe3
Ng4 29. Qe2 a2 30. Kb2 Qd4+ 31. Kc2 a1=Q 32. Rxa1 Rxa1 0-1

[Event "Tradewise Gibraltar Masters 16th"]
[Site "Gibraltar"]
[Date "2018.01.30"]
[Round "8.58"]
[White "Movileanu, Daniela"]
[Black "Grinberg, Eyal"]
[Result "0-1"]
[WhiteElo "2163"]
[BlackElo "2448"]
[PlyCount "78"]
[EventDate "2018.01.23"]
[EventType "swiss"]
[EventRounds "10"]
[EventCountry "GGB"]
[SourceTitle "BritBase"]
[Source "www.saund.co.uk"]
[SourceDate "2018.02.10"]
[SourceVersion "1"]
[SourceVersionDate "2018.02.10"]
[SourceQuality "1"]

1. e4 c5 2. Nf3 d6 3. d4 cxd4 4. Nxd4 Nf6 5. Nc3 a6 6. Bg5 Nbd7 7. Bc4 Qb6 8.
Bb3 e6 9. Qd2 Be7 10. O-O-O Nc5 11. f3 Qc7 12. Kb1 b5 13. g4 h5 14. Bxf6 gxf6
15. Nf5 Nxb3 16. cxb3 b4 17. Nd5 exd5 18. Rc1 Qb7 19. Nxe7 Qxe7 20. exd5 Kf8
21. Rhe1 Qd8 22. Qxb4 a5 23. Qd4 Rg8 24. Qf4 Rg6 25. h4 hxg4 26. h5 Rg5 27. h6
Bf5+ 28. Ka1 g3 29. Qh4 Bg6 30. f4 Rxd5 31. Qxg3 Rc8 32. Rcd1 Rxd1+ 33. Rxd1
Qc7 34. a3 Qc2 35. Rg1 Kg8 36. f5 Qxf5 37. Qxd6 Kh7 38. Ka2 Qe6 39. Qf4 Rc2 0-1

[Event "Tradewise Gibraltar Masters 16th"]
[Site "Gibraltar"]
[Date "2018.01.30"]
[Round "8.59"]
[White "De Haan, Eric"]
[Black "Esserman, Marc"]
[Result "1-0"]
[WhiteElo "2304"]
[BlackElo "2446"]
[PlyCount "64"]
[EventDate "2018.01.23"]
[EventType "swiss"]
[EventRounds "10"]
[EventCountry "GGB"]
[SourceTitle "BritBase"]
[Source "www.saund.co.uk"]
[SourceDate "2018.02.10"]
[SourceVersion "1"]
[SourceVersionDate "2018.02.10"]
[SourceQuality "1"]

1. d4 d6 2. c4 f5 3. Nf3 Nf6 4. g3 g6 5. b4 Nbd7 6. Bb2 e5 7. dxe5 dxe5 8. c5
Qe7 9. Nc3 c6 10. e4 b6 11. Bc4 Nxe4 12. O-O Bg7 13. Re1 Nxc3 14. Bxc3 e4 15.
Bxg7 Qxg7 16. b5 Nxc5 17. Qd6 cxb5 18. Bd5 Bb7 19. Bxb7 Nxb7 20. Qd5 Qe7 21.
Ne5 Rd8 22. Qxb5+ Kf8 23. Nc6 Qe8 24. Qb2 Kf7 25. Nxd8+ Qxd8 26. Rad1 Qe8 27.
Qb3+ Kg7 28. Qc3+ Kg8 29. Qf6 h6 30. Rd5 Kh7 31. Red1 Nc5 32. Rd8 Rf8 1-0

[Event "Tradewise Gibraltar Masters 16th"]
[Site "Gibraltar"]
[Date "2018.01.30"]
[Round "8.60"]
[White "Banusz, Tamas"]
[Black "Gara, Anita"]
[Result "1-0"]
[WhiteElo "2641"]
[BlackElo "2350"]
[PlyCount "159"]
[EventDate "2018.01.23"]
[EventType "swiss"]
[EventRounds "10"]
[EventCountry "GGB"]
[SourceTitle "BritBase"]
[Source "www.saund.co.uk"]
[SourceDate "2018.02.10"]
[SourceVersion "1"]
[SourceVersionDate "2018.02.10"]
[SourceQuality "1"]

1. d4 Nf6 2. Bf4 g6 3. Nf3 Bg7 4. e3 O-O 5. Be2 d6 6. h3 b6 7. c3 Bb7 8. a4 a6
9. O-O Nbd7 10. Bh2 c5 11. Nbd2 Qc7 12. Bd3 e5 13. dxe5 Nxe5 14. Be2 Qc6 15.
Qb3 Rac8 16. Bxe5 dxe5 17. Nc4 Nd5 18. Ncxe5 Qe6 19. Nc4 Rb8 20. Qc2 b5 21. Na5
Ba8 22. Nb3 Qb6 23. axb5 axb5 24. Rfd1 Rfd8 25. Ne1 c4 26. Nd4 Bb7 27. Bf3 Bf6
28. Qe2 Ra8 29. Nec2 Rxa1 30. Rxa1 Re8 31. Qf1 Rc8 32. Rd1 Ra8 33. Rd2 Ra5 34.
Qd1 b4 35. Bxd5 bxc3 36. Bxf7+ Kxf7 37. bxc3 Be4 38. Nb4 Qb7 39. f3 Qa8 40. Qf1
Ra1 41. Rd1 Rxd1 42. Qxd1 Bd5 43. Nxd5 Qxd5 44. Kf2 h5 45. Qa4 Kg7 46. Qe8 Kh6
47. Qb5 Qf7 48. Qc6 Be5 49. f4 Bf6 50. g4 Bxd4 51. cxd4 c3 52. g5+ Kh7 53. Qxc3
Qa2+ 54. Kf3 Qb1 55. Ke2 Qe4 56. Qc7+ Kg8 57. Qc8+ Kh7 58. Kd2 Qg2+ 59. Kc3 Qe4
60. Qc7+ Kg8 61. Qe5 Qc6+ 62. Qc5 Qe4 63. d5 Qh1 64. Qc8+ Kg7 65. Qd7+ Kg8 66.
Qe6+ Kg7 67. Qf6+ Kh7 68. Qf7+ Kh8 69. Qf8+ Kh7 70. Qh6+ Kg8 71. Qxg6+ Kf8 72.
Qf6+ Ke8 73. Qe6+ Kd8 74. Kd4 h4 75. Ke5 Qa1+ 76. Kf5 Qf1 77. Kf6 Qa1+ 78. Qe5
Qa3 79. d6 Kc8 80. Qe7 1-0

[Event "Tradewise Gibraltar Masters 16th"]
[Site "Gibraltar"]
[Date "2018.01.30"]
[Round "8.61"]
[White "Libiszewski, Fabien"]
[Black "Lombaers, Peter"]
[Result "1/2-1/2"]
[WhiteElo "2530"]
[BlackElo "2345"]
[PlyCount "76"]
[EventDate "2018.01.23"]
[EventType "swiss"]
[EventRounds "10"]
[EventCountry "GGB"]
[SourceTitle "BritBase"]
[Source "www.saund.co.uk"]
[SourceDate "2018.02.10"]
[SourceVersion "1"]
[SourceVersionDate "2018.02.10"]
[SourceQuality "1"]

1. Nf3 e6 2. g3 Nf6 3. c4 d5 4. Bg2 Be7 5. O-O O-O 6. b3 b6 7. Bb2 Bb7 8. e3
Nbd7 9. Nc3 a5 10. Qc2 c5 11. Rac1 Rc8 12. Nb5 Ne4 13. Qb1 Ndf6 14. Rfd1 Nd6
15. Nxd6 Bxd6 16. Ng5 g6 17. d4 Qe7 18. cxd5 exd5 19. dxc5 Rxc5 20. Qd3 Rxc1
21. Rxc1 Be5 22. Bxe5 Qxe5 23. Nf3 Qb2 24. Rc7 Bc8 25. Qc3 Qxc3 26. Rxc3 Be6
27. h3 Rc8 28. Rxc8+ Bxc8 29. g4 h6 30. Ne5 Kf8 31. Kf1 Ke7 32. f4 Be6 33. Ke2
Nd7 34. Nxd7 Kxd7 35. Kd3 Kd6 36. Kd4 f6 37. Bf1 g5 38. Bd3 Bd7 1/2-1/2

[Event "Tradewise Gibraltar Masters 16th"]
[Site "Gibraltar"]
[Date "2018.01.30"]
[Round "8.62"]
[White "Dzagnidze, Nana"]
[Black "Lopez Mulet, Inigo"]
[Result "1/2-1/2"]
[WhiteElo "2522"]
[BlackElo "2318"]
[PlyCount "86"]
[EventDate "2018.01.23"]
[EventType "swiss"]
[EventRounds "10"]
[EventCountry "GGB"]
[SourceTitle "BritBase"]
[Source "www.saund.co.uk"]
[SourceDate "2018.02.10"]
[SourceVersion "1"]
[SourceVersionDate "2018.02.10"]
[SourceQuality "1"]

1. d4 d5 2. Bf4 Nf6 3. e3 c5 4. c3 Nc6 5. Nd2 Bf5 6. Ngf3 Qb6 7. dxc5 Qxc5 8.
Qb3 Na5 9. Qb4 Qxb4 10. cxb4 Nc6 11. a3 g6 12. b5 Nd8 13. Nd4 Bd7 14. b6 axb6
15. Bc7 Bg7 16. Bxb6 O-O 17. Rc1 Nc6 18. Be2 Rfc8 19. O-O Ne8 20. N2b3 Nd6 21.
Rfe1 Ne5 22. Rc7 Ndc4 23. Rxb7 Nxb2 24. f4 Ned3 25. Bxd3 Nxd3 26. Rd1 Nb2 27.
Rb1 Nc4 28. Rxd7 Nxb6 29. Rxe7 Rxa3 30. Re1 Nc4 31. Kf2 Rb8 32. Rd7 Bxd4 33.
Nxd4 Rb2+ 34. Re2 Rxe2+ 35. Kxe2 Ra2+ 36. Kf3 Nd2+ 37. Kg4 Ne4 38. Kh3 Nf2+ 39.
Kg3 Ne4+ 40. Kh3 Ra3 41. Rxd5 Rxe3+ 42. Nf3 Ra3 43. Rd4 Nc5 1/2-1/2

[Event "Tradewise Gibraltar Masters 16th"]
[Site "Gibraltar"]
[Date "2018.01.30"]
[Round "8.63"]
[White "Blomqvist, Erik"]
[Black "Goriatchkin, Jouri"]
[Result "1/2-1/2"]
[WhiteElo "2502"]
[BlackElo "2310"]
[PlyCount "81"]
[EventDate "2018.01.23"]
[EventType "swiss"]
[EventRounds "10"]
[EventCountry "GGB"]
[SourceTitle "BritBase"]
[Source "www.saund.co.uk"]
[SourceDate "2018.02.10"]
[SourceVersion "1"]
[SourceVersionDate "2018.02.10"]
[SourceQuality "1"]

1. e4 e6 2. d3 d5 3. Nd2 c5 4. Ngf3 Nf6 5. g3 Nc6 6. Bg2 Be7 7. O-O b5 8. exd5
exd5 9. a4 bxa4 10. Rxa4 O-O 11. b3 Qb6 12. Re1 Bb7 13. Nh4 g6 14. Bb2 Rad8 15.
Qf3 Rd6 16. Bh3 Bd8 17. Qf4 Nb4 18. Rxb4 cxb4 19. Ndf3 Nh5 20. Qh6 d4 21. Ng5
Bxg5 22. Qxg5 Qc6 23. Bg2 Qxc2 24. Nf5 Qxb2 25. Nxd6 Bxg2 26. Kxg2 Qxb3 27. Ra1
Qe6 28. Nc4 a6 29. Qc5 Rb8 30. Qa7 Qd5+ 31. Kg1 Ra8 32. Qc7 Qf5 33. Qb7 Rd8 34.
Nb2 a5 35. Qa7 Re8 36. Qxd4 b3 37. Nc4 Ra8 38. Rxa5 Rxa5 39. Qd8+ Kg7 40. Nxa5
Nf6 41. Nc4 1/2-1/2

[Event "Tradewise Gibraltar Masters 16th"]
[Site "Gibraltar"]
[Date "2018.01.30"]
[Round "8.64"]
[White "Devereaux, Maxim L"]
[Black "Bellahcene, Bilel"]
[Result "1/2-1/2"]
[WhiteElo "2370"]
[BlackElo "2494"]
[PlyCount "62"]
[EventDate "2018.01.23"]
[EventType "swiss"]
[EventRounds "10"]
[EventCountry "GGB"]
[SourceTitle "BritBase"]
[Source "www.saund.co.uk"]
[SourceDate "2018.02.10"]
[SourceVersion "1"]
[SourceVersionDate "2018.02.10"]
[SourceQuality "1"]

1. c4 e6 2. Nf3 b6 3. g3 Bb7 4. Bg2 f5 5. O-O Nf6 6. d3 Be7 7. Nc3 O-O 8. a3 a5
9. b3 Na6 10. Bb2 Qe8 11. e3 d6 12. Nd4 Bxg2 13. Kxg2 Qd7 14. e4 c5 15. Nc2 Qb7
16. Qe2 Nc7 17. Kg1 Rae8 18. a4 Nd7 19. f4 Bf6 20. Qg2 g6 21. Rae1 Bg7 22. Ba1
Qa8 23. exf5 Qxg2+ 24. Kxg2 gxf5 25. Nb5 Nxb5 26. Bxg7 Kxg7 27. axb5 Nf6 28.
Re2 Re7 29. Rfe1 Rfe8 30. Ne3 Kg6 31. Nd1 Kf7 1/2-1/2

[Event "Tradewise Gibraltar Masters 16th"]
[Site "Gibraltar"]
[Date "2018.01.30"]
[Round "8.65"]
[White "Blohberger, Felix"]
[Black "Suarez Gomez, Julio"]
[Result "0-1"]
[WhiteElo "2367"]
[BlackElo "2486"]
[PlyCount "80"]
[EventDate "2018.01.23"]
[EventType "swiss"]
[EventRounds "10"]
[EventCountry "GGB"]
[SourceTitle "BritBase"]
[Source "www.saund.co.uk"]
[SourceDate "2018.02.10"]
[SourceVersion "1"]
[SourceVersionDate "2018.02.10"]
[SourceQuality "1"]

1. Nf3 d5 2. g3 Nd7 3. Bg2 e5 4. d3 Ngf6 5. O-O Bd6 6. c4 d4 7. Na3 O-O 8. Nc2
a5 9. b3 Re8 10. a3 h6 11. Rb1 Rb8 12. Bd2 c6 13. b4 axb4 14. axb4 b5 15. c5
Bc7 16. Ncxd4 exd4 17. Nxd4 Ne5 18. Nxc6 Nxc6 19. Bxc6 Bd7 20. Bf3 Bg4 21. Bxg4
Nxg4 22. Bc3 Qg5 23. e4 Qh5 24. h4 g5 25. Qe2 f5 26. f3 Ne5 27. hxg5 Qxg5 28.
Rf2 Ng6 29. Bd2 Nf4 30. Bxf4 Bxf4 31. Rg2 Be3+ 32. Kf1 Bd4 33. f4 Qg6 34. e5
Re7 35. g4 Rg7 36. g5 hxg5 37. Rxg5 Qh6 38. Rxg7+ Kxg7 39. Qf3 Kh8 40. Ke2 Qh2+
0-1

[Event "Tradewise Gibraltar Masters 16th"]
[Site "Gibraltar"]
[Date "2018.01.30"]
[Round "8.66"]
[White "Renman, Nils-Gustaf"]
[Black "Salomon, Johan"]
[Result "0-1"]
[WhiteElo "2350"]
[BlackElo "2476"]
[PlyCount "60"]
[EventDate "2018.01.23"]
[EventType "swiss"]
[EventRounds "10"]
[EventCountry "GGB"]
[SourceTitle "BritBase"]
[Source "www.saund.co.uk"]
[SourceDate "2018.02.10"]
[SourceVersion "1"]
[SourceVersionDate "2018.02.10"]
[SourceQuality "1"]

1. d4 Nf6 2. Nf3 d5 3. c4 e6 4. Nc3 Bb4 5. cxd5 exd5 6. Bg5 h6 7. Bh4 O-O 8. e3
Bf5 9. Qb3 Bxc3+ 10. bxc3 Nbd7 11. Be2 c5 12. O-O c4 13. Qb2 Qb6 14. Qa3 Qe6
15. Nd2 Rfc8 16. Rfe1 b5 17. Bd1 a5 18. f3 b4 19. Qb2 Qc6 20. Rc1 Bd3 21. e4
dxe4 22. fxe4 Nxe4 23. Bf3 f5 24. cxb4 axb4 25. Qxb4 Rxa2 26. Rxe4 fxe4 27.
Bxe4 Bxe4 28. Rxc4 Rxd2 29. Rxc6 Rxg2+ 30. Kf1 Rxc6 0-1

[Event "Tradewise Gibraltar Masters 16th"]
[Site "Gibraltar"]
[Date "2018.01.30"]
[Round "8.68"]
[White "Cawdery, Daniel"]
[Black "Bliumberg, Vladislav"]
[Result "1-0"]
[WhiteElo "2446"]
[BlackElo "2276"]
[PlyCount "35"]
[EventDate "2018.01.23"]
[EventType "swiss"]
[EventRounds "10"]
[EventCountry "GGB"]
[SourceTitle "BritBase"]
[Source "www.saund.co.uk"]
[SourceDate "2018.02.10"]
[SourceVersion "1"]
[SourceVersionDate "2018.02.10"]
[SourceQuality "1"]

1. e4 e5 2. Nf3 Nc6 3. Bb5 g6 4. c3 Bg7 5. O-O d6 6. d4 Bd7 7. Be3 Nf6 8. dxe5
Nxe5 9. Nxe5 dxe5 10. Qb3 Qc8 11. Bc5 Bxb5 12. Qxb5+ Nd7 13. Ba3 a6 14. Qd3 Nb6
15. c4 Qd7 16. Qc2 Qd4 17. c5 Qc4 18. Nc3 1-0

[Event "Tradewise Gibraltar Masters 16th"]
[Site "Gibraltar"]
[Date "2018.01.30"]
[Round "8.69"]
[White "Gara, Ticia"]
[Black "Zhukova, Natalia"]
[Result "1/2-1/2"]
[WhiteElo "2331"]
[BlackElo "2438"]
[PlyCount "103"]
[EventDate "2018.01.23"]
[EventType "swiss"]
[EventRounds "10"]
[EventCountry "GGB"]
[SourceTitle "BritBase"]
[Source "www.saund.co.uk"]
[SourceDate "2018.02.10"]
[SourceVersion "1"]
[SourceVersionDate "2018.02.10"]
[SourceQuality "1"]

1. Nf3 Nf6 2. g3 c5 3. Bg2 Nc6 4. d4 cxd4 5. Nxd4 e5 6. Nxc6 dxc6 7. Qxd8+ Kxd8
8. Nd2 Nd5 9. Nc4 f6 10. Bd2 Bc5 11. e4 Nb6 12. Ne3 Be6 13. h4 Kc7 14. b3 Rad8
15. Ke2 Nc8 16. a4 Nd6 17. Rhd1 f5 18. Bc3 f4 19. Nf1 fxg3 20. Nxg3 Nf7 21.
Rxd8 Rxd8 22. f3 g6 23. Rh1 h5 24. Bh3 Bxh3 25. Rxh3 Kd7 26. Nf1 Ke6 27. Rg3
Rg8 28. Ne3 Be7 29. Nf5 Bf6 30. Rg1 Nd6 31. Nxd6 Kxd6 32. f4 Ke6 33. Bxe5 Bxe5
34. fxe5 Kxe5 35. Ke3 Rg7 36. Rg5+ Ke6 37. e5 Rg8 38. Ke4 Kf7 39. Rg3 Rd8 40.
Rd3 Rxd3 41. cxd3 c5 42. a5 Ke6 43. Kf4 b5 44. axb6 axb6 45. Kg5 Kxe5 46. Kxg6
Kd4 47. Kxh5 Kxd3 48. Kg4 b5 49. h5 c4 50. bxc4 bxc4 51. h6 c3 52. h7 1/2-1/2

[Event "Tradewise Gibraltar Masters 16th"]
[Site "Gibraltar"]
[Date "2018.01.30"]
[Round "8.70"]
[White "Padmini, Rout"]
[Black "Gavrilescu, David"]
[Result "1-0"]
[WhiteElo "2325"]
[BlackElo "2437"]
[PlyCount "51"]
[EventDate "2018.01.23"]
[EventType "swiss"]
[EventRounds "10"]
[EventCountry "GGB"]
[SourceTitle "BritBase"]
[Source "www.saund.co.uk"]
[SourceDate "2018.02.10"]
[SourceVersion "1"]
[SourceVersionDate "2018.02.10"]
[SourceQuality "1"]

1. Nf3 d5 2. g3 Nc6 3. d4 Bf5 4. Bg2 Nb4 5. Na3 e6 6. O-O Nf6 7. Ne5 c5 8. c4
Nc6 9. Qa4 cxd4 10. Nxc6 Qd7 11. cxd5 exd5 12. Nb5 bxc6 13. Nxd4 c5 14. Nb5 Rc8
15. Rd1 d4 16. Bg5 Rb8 17. Nd6+ Bxd6 18. Bc6 Ne4 19. Bc1 Ke7 20. Bxd7 Bxd7 21.
Qxa7 Ra8 22. Qb7 f5 23. Bf4 Rhb8 24. Qd5 Be6 25. Bxd6+ Kd7 26. Qe5 1-0